El desarrollo sostenible en la economía de América Latina / (Registro nro. 3818)

Detalles MARC
000 -CABECERA
Campo de control 00998nam a2200265 a 4500
005 - FECHA Y HORA DE LA ULTIMA TRANSACCION
Campo de control 20200104041543.0
008 - ELEMENTOS DE LONGITUD FIJA—INFORMACION GENERAL
Campo de control 140312s1995 ck a fr|||| 000 0 spa d
020 ## - ISBN
ISBN 9589394019
040 ## - FUENTE DE CATALOGACIÓN
Agencia catalogadora original CO-BoIAVH
Agencia transcriptora CO-BoIAVH
041 0# - IDIOMA
Código de idioma para texto/pista de sonido o título separado Español
044 ## - PAÍS DE PUBLICACIÓN
País de publicación Colombia
082 04 - NUMERO DE CLASIFICACION DECIMAL DEWEY
Número de clasificación 338.9
Número del ítem C75d
110 2# - ASIENTO PRINCIPAL--NOMBRE CORPORATIVO
Nombre corporativo o de jurisdicción como elemento de entrada Consejo Empresarial Colombiano para el Desarrollo Sostenible
9 (RLIN) 57331
245 13 - MENCION DE TITULO
Título El desarrollo sostenible en la economía de América Latina /
Mención de responsabilidad CECODES, CLADEI
250 ## - MENCION DE EDICION
Mención de edición Primera edición.
260 ## - PUBLICACION, DISTRIBUCION, ETC. (PIE DE IMPRENTA)
Lugar de publicación, distribución, etc. Bogotá :
Nombre del editor, distribuidor, etc. Consejo Empresarial Colombiano para el Desarrollo Sostenible :
-- Corporación Latinoamericana de Economía Internacional,
Fecha de publicación, distribución, etc. 1995.
300 ## - DESCRIPCION FISICA
Extensión 259 páginas :
Otros detalles físicos Ilustraciones ;
Dimensiones 21 x 14 cm.
650 16 - ASIENTO SECUNDARIO DE MATERIA - TERMINO TEMATICO
Término temático o nombre geográfico como elemento de entrada Desarrollo sostenible
9 (RLIN) 278
650 26 - ASIENTO SECUNDARIO DE MATERIA - TERMINO TEMATICO
Término temático o nombre geográfico como elemento de entrada Economía
9 (RLIN) 57333
662 ## - ASIENTO SECUNDARIO DE MATERIA - JERARQUIA DEL NOMBRE DE LUGAR(
País o entidad mayor América Latina
700 1# - ASIENTO SECUNDARIO - NOMBRE PERSONAL
Nombre personal Correa, María Emilia
9 (RLIN) 20774
700 1# - ASIENTO SECUNDARIO - NOMBRE PERSONAL
Nombre personal Valencia , Jorge
9 (RLIN) 20775
710 2# - ASIENTO SECUNDARIO - NOMBRE CORPORATIVO
Nombre corporativo o de jurisdicción como elemento de entrada Corporación Latinoamericana de Economía Internacional
9 (RLIN) 57334
942 ## - ELEMENTOS ADICIONALES (KOHA)
Tipo de ítem Libro
Sistema de clasificación Dewey Decimal Classification
Existencias
Withdrawn status Lost status Sistema de Clasificación Damaged status No para préstamo Colección Inventariado Ubicación Permanente Ubicación actual Fecha de adquisición Fuente de Valor Valor Total Checkouts Número topográfico Inventario / Código de Barras Date last seen Ejemplar Price effective from Forma de adquisición Tipo de material
    Dewey Decimal Classification     General Inventariado 2017 Bogotá Bogotá 13/05/2004 Instituto 39000.00   LB-338.9 C75d 015629 04/12/2012 Ej. 1 04/12/2012   Libro